|
|
|
|
| LEADER |
00000nam a2200000 a 4500 |
| 001 |
vtls001345666 |
| 003 |
SK-MaSNL |
| 005 |
20260302000010.0 |
| 008 |
240318s1895 xx 0 und |
| 035 |
|
|
|a SNK000298897
|
| 040 |
|
|
|a SNK
|b slo
|c SNK
|e AACR2
|
| 041 |
0 |
|
|a und
|
| 044 |
|
|
|a xx
|
| 100 |
1 |
|
|a Dvorský, František
|4 aut
|9 272855
|
| 245 |
1 |
0 |
|a Listy paní Kateřiny z Žerotína rozené z Valdštejna
|b Dopisy z roku 1634-1635
|
| 260 |
|
|
|a Praha
|b b. v.
|c 1895
|
| 300 |
|
|
|a 368s.
|
| 958 |
|
|
|a ONDV
|
| 999 |
|
|
|c 977564
|d 979494
|
| 952 |
|
|
|t P60, <04>, [BOOK], {604}
|a SNK
|b SNK
|y VYP
|7 0
|p 17A0166056
|o snkIB 10772
|0 0
|1 0
|4 0
|d 1998-10-19
|l 0
|r 2005-01-02 00:00:00
|w 2026-02-24
|